[Event "Dortmund Sparkassen op-B 47th"]
[Site "Dortmund"]
[Date "2019.07.16"]
[Round "4"]
[White "Begna, Bozidar"]
[Black "Yangibayev, Rustam"]
[Result "1-0"]
[WhiteElo "1829"]
[BlackElo "1591"]
[PlyCount "103"]
[EventDate "2019.07.13"]
[EventType "swiss"]
[EventRounds "9"]
[EventCountry "GER"]
[SourceTitle "CBM 192 Extra"]
[Source "Chessbase"]
[SourceDate "2019.11.06"]
[SourceVersion "1"]
[SourceVersionDate "2019.11.06"]
[SourceQuality "1"]

1. c4 c5 2. Nc3 d6 3. g3 Nc6 4. Bg2 Nf6 5. Nf3 e6 6. e4 Be7 7. d4 cxd4 8. Nxd4 Nxd4 9. Qxd4 0-0 10. 0-0 a6 11. h3 Qc7 12. Be3 Bd7 13. Rac1 Rab8 14. Qd3 b6 15. Rfd1 Qc8 16. Kh2 Bc6 17. Nd5 Bxd5 18. cxd5 Qd7 19. Rc6 exd5 20. exd5 Rfc8 21. Rxb6 Rxb6 22. Bxb6 Qa4 23. a3 Nd7 24. Bd4 Bf6 25. Bxf6 Nxf6 26. Bf3 Rc2 27. Rd2 Rc1 28. Bd1 Qa5 29. b4 Qb6 30. Rc2 Rxc2 31. Qxc2 g6 32. Bf3 Qd4 33. Kg2 Nxd5 34. Qc8+ Kg7 35. Qxa6 Nc3 36. Qf1 Qd2 37. Qa1 f6 38. a4 d5 39. b5 Ne4 40. Bxe4 dxe4 41. Qa3 Qd5 42. Qe3 h5 43. h4 Qc4 44. b6 Qxa4 45. Qc3 Kh6 46. b7 Qb5 47. Qc7 e3 48. Qf4+ Kg7 49. b8Q Qc6+ 50. Kh2 e2 51. Qbc7+ Qxc7 52. Qxc7+ 1-0

[Event "Dortmund Sparkassen op-B 47th"]
[Site "Dortmund"]
[Date "2019.07.14"]
[Round "2"]
[White "Begna, Bozidar"]
[Black "Strack, Patrick"]
[Result "0-1"]
[WhiteElo "1829"]
[BlackElo "1705"]
[PlyCount "168"]
[EventDate "2019.07.13"]
[EventType "swiss"]
[EventRounds "9"]
[EventCountry "GER"]
[SourceTitle "CBM 192 Extra"]
[Source "Chessbase"]
[SourceDate "2019.11.06"]
[SourceVersion "1"]
[SourceVersionDate "2019.11.06"]
[SourceQuality "1"]

1. c4 Nf6 2. Nc3 g6 3. Nf3 Bg7 4. e4 d6 5. d4 0-0 6. Be2 Nc6 7. d5 Nb4 8. a3 Na6 9. Rb1 Ne8 10. Bf4 e5 11. Bg5 f6 12. Be3 f5 13. Bg5 Nf6 14. exf5 Bxf5 15. Bd3 Qd7 16. Bxf6 Bxf6 17. Ne4 Rae8 18. 0-0 Bg4 19. h3 Bf5 20. Nh2 Bxe4 21. Bxe4 Nc5 22. Bc2 Qe7 23. Ng4 Bg7 24. b4 Nd7 25. Ba4 Rf4 26. Qe2 Ref8 27. Bb3 Nf6 28. Nxf6+ Qxf6 29. c5 Qg5 30. Rbd1 e4 31. Bc2 Rh4 32. Qe3 Qe5 33. cxd6 cxd6 34. f3 exf3 35. Rxf3 Qxe3+ 36. Rxe3 Bd4 37. Rxd4 Rxd4 38. Re7 Rf7 39. Re6 Rd2 40. Be4 Rd7 41. Re8+ Kf7 42. Ra8 b6 43. Bf3 h5 44. Rh8 Kf6 45. Rf8+ Rf7 46. Rd8 Ke5 47. Re8+ Kf5 48. Re6 Rd7 49. Be4+ Kf4 50. Bxg6 Rxd5 51. Be8 Rg7 52. Rf6+ Kg5 53. Rf2 Re7 54. Bc6 Rf5 55. Rd2 d5 56. a4 Kf6 57. a5 h4 58. Rd4 Re4 59. Rd1 Ke6 60. axb6 axb6 61. b5 Re2 62. Bb7 Rg5 63. Bc8+ Ke5 64. Bg4 Re3 65. Kf2 d4 66. Rc1 Rg6 67. Rc8 Rf6+ 68. Bf3 Rc3 69. Re8+ Kd6 70. Re4 Rc2+ 71. Kf1 Rc1+ 72. Kf2 Rc2+ 73. Kf1 Kc5 74. Ke1 d3 75. Kd1 Kxb5 76. Rxh4 Rd6 77. Re4 Ra2 78. h4 d2 79. h5 Ra1+ 80. Kc2 d1Q+ 81. Bxd1 Raxd1 82. g4 Rg1 83. Re5+ Kc4 84. g5 Rd5 0-1

[Event "Dortmund Sparkassen op-B 47th"]
[Site "Dortmund"]
[Date "2019.07.13"]
[Round "1"]
[White "Klaska, Philipp Leon"]
[Black "Begna, Bozidar"]
[Result "0-1"]
[WhiteElo "1609"]
[BlackElo "1829"]
[PlyCount "80"]
[EventDate "2019.07.13"]
[EventType "swiss"]
[EventRounds "9"]
[EventCountry "GER"]
[SourceTitle "CBM 192 Extra"]
[Source "Chessbase"]
[SourceDate "2019.11.06"]
[SourceVersion "1"]
[SourceVersionDate "2019.11.06"]
[SourceQuality "1"]

1. e4 d6 2. d4 Nf6 3. Nc3 e5 4. dxe5 dxe5 5. Qxd8+ Kxd8 6. Bc4 Be6 7. Bxe6 fxe6 8. Nf3 Bd6 9. Be3 Ke7 10. Ke2 Nbd7 11. a3 h6 12. h3 Nh5 13. g3 g5 14. Rad1 Rhf8 15. Nh2 Nhf6 16. Ng4 Rh8 17. f3 Raf8 18. b4 Nb6 19. Bxb6 axb6 20. Nb5 Nh5 21. Rhg1 Ng7 22. Ne3 h5 23. Nc4 Ne8 24. Nbxd6 cxd6 25. Nxb6 g4 26. fxg4 hxg4 27. h4 Rf3 28. Rd3 Rhf8 29. Rg2 Nc7 30. a4 Na6 31. c3 Nc7 32. Nc4 Rxd3 33. Kxd3 Rf3+ 34. Kc2 b5 35. Nd2 Re3 36. a5 d5 37. exd5 Nxd5 38. Nb1 Rf3 39. Kb2 Ne3 40. a6 Nxg2 0-1

[Event "Dortmund Sparkassen op-B 44th"]
[Site "Dortmund"]
[Date "2016.07.17"]
[Round "9"]
[White "Begna, Bozidar"]
[Black "Schmidt, Karsten Ruediger"]
[Result "1-0"]
[WhiteElo "1853"]
[BlackElo "1649"]
[PlyCount "81"]
[EventDate "2016.07.09"]
[EventType "swiss"]
[EventRounds "9"]
[EventCountry "GER"]
[SourceTitle "CBM 173 Extra"]
[Source "ChessBase"]
[SourceDate "2016.08.29"]
[SourceVersion "1"]
[SourceVersionDate "2016.08.29"]
[SourceQuality "1"]

1. e4 g6 2. d4 Bg7 3. Bc4 d6 4. Qf3 e6 5. Ne2 Ne7 6. Nbc3 a6 7. Bg5 b5 8. Bb3 Bb7 9. 0-0-0 Nd7 10. h4 c5 11. dxc5 Nxc5 12. Be3 Qc7 13. Kb1 Nxb3 14. axb3 Nc6 15. Nd4 Nxd4 16. Bxd4 Bxd4 17. Rxd4 0-0-0 18. Qf6 Rhg8 19. Rhd1 Rd7 20. Qg5 Rgd8 21. f3 h5 22. Qf6 Qc5 23. Na4 Qc7 24. Nc3 Qc5 25. f4 Bc6 26. b4 Qb6 27. b3 Qb7 28. g3 Kc7 29. e5 d5 30. Na2 Qb6 31. Kb2 Rf8 32. Nc1 Rdd8 33. Qe7+ Bd7 34. Qc5+ Kb7 35. Nd3 Rc8 36. Qxb6+ Kxb6 37. Nc5 Bc6 38. Ra1 Ra8 39. Ra5 Ra7 40. Rd1 Bd7 41. Rxa6+ 1-0

[Event "Dortmund Sparkassen op-B 44th"]
[Site "Dortmund"]
[Date "2016.07.15"]
[Round "7"]
[White "Begna, Bozidar"]
[Black "Lueck, Kai"]
[Result "1/2-1/2"]
[WhiteElo "1853"]
[BlackElo "1951"]
[PlyCount "46"]
[EventDate "2016.07.09"]
[EventType "swiss"]
[EventRounds "9"]
[EventCountry "GER"]
[SourceTitle "CBM 173 Extra"]
[Source "ChessBase"]
[SourceDate "2016.08.29"]
[SourceVersion "1"]
[SourceVersionDate "2016.08.29"]
[SourceQuality "1"]

1. e4 c6 2. d4 d5 3. e5 Bf5 4. h4 h5 5. c4 e6 6. Nc3 Ne7 7. Bg5 Qb6 8. Qd2 dxc4 9. Bxc4 Nd5 10. a3 Nd7 11. Nge2 f6 12. exf6 gxf6 13. Be3 Bd6 14. 0-0 Rg8 15. Bd3 Bh3 16. Be4 0-0-0 17. Kh1 Bxg2+ 18. Bxg2 Rg4 19. Nxd5 Rxh4+ 20. Kg1 Bh2+ 21. Kh1 Bd6+ 22. Kg1 Bh2+ 23. Kh1 Bd6+ 1/2-1/2

[Event "Dortmund Sparkassen op-B 44th"]
[Site "Dortmund"]
[Date "2016.07.12"]
[Round "4"]
[White "Begna, Bozidar"]
[Black "Witt, Rainer"]
[Result "1/2-1/2"]
[WhiteElo "1853"]
[BlackElo "1709"]
[PlyCount "63"]
[EventDate "2016.07.09"]
[EventType "swiss"]
[EventRounds "9"]
[EventCountry "GER"]
[SourceTitle "CBM 173 Extra"]
[Source "ChessBase"]
[SourceDate "2016.08.29"]
[SourceVersion "1"]
[SourceVersionDate "2016.08.29"]
[SourceQuality "1"]

1. d3 c5 2. e4 Nc6 3. Nf3 g6 4. g3 Bg7 5. Nc3 Nf6 6. Bg2 0-0 7. 0-0 d6 8. a4 a6 9. Nh4 Nd4 10. Ne2 Qc7 11. c3 Nxe2+ 12. Qxe2 Bg4 13. f3 Bd7 14. f4 Bg4 15. Nf3 h6 16. h3 Bd7 17. Kh2 Bc6 18. e5 dxe5 19. fxe5 Nd5 20. e6 f5 21. c4 Nb4 22. Bf4 Qc8 23. a5 Rf6 24. Rfe1 g5 25. Bd2 Nc2 26. Bc3 Nxa1 27. Bxf6 Bxf6 28. Rxa1 Qc7 29. Ng1 Kg7 30. Bxc6 Qxc6 31. Rf1 Kg6 32. Nf3 1/2-1/2

[Event "Ruhrgebiet Verbandsliga Gruppe 1 1516"]
[Site "Germany"]
[Date "2015.09.27"]
[Round "2"]
[White "Begna, Bozidar"]
[Black "Grube, Joerg"]
[Result "0-1"]
[WhiteElo "1856"]
[BlackElo "1880"]
[PlyCount "108"]
[EventDate "2015.09.06"]
[EventType "team-tourn"]
[EventRounds "9"]
[EventCountry "GER"]
[SourceTitle "EXT 2022"]
[Source "ChessBase"]
[SourceDate "2021.10.06"]
[SourceVersion "1"]
[SourceVersionDate "2021.10.06"]
[SourceQuality "1"]
[WhiteTeam "Dortmund Hansa III"]
[BlackTeam "Dortmund FS"]
[WhiteTeamCountry "GER"]
[BlackTeamCountry "GER"]

1. d3 c5 2. g3 Nc6 3. Bg2 d6 4. e4 e5 5. Ne2 g6 6. Nbc3 Nge7 7. Bg5 Bg7 8. Nd5 h6 9. Bf6 Bxf6 10. Nxf6+ Kf8 11. Nc3 Kg7 12. Ncd5 Be6 13. c3 Rb8 14. 0-0 Nxd5 15. Nxd5 f5 16. f4 Rf8 17. a3 Qd7 18. b4 b6 19. b5 Bxd5 20. exd5 Nd8 21. a4 Nf7 22. Qd2 a5 23. bxa6 Ra8 24. a5 Rxa6 25. axb6 Rxb6 26. Rfb1 Rfb8 27. Qc2 Qb7 28. Rxb6 Qxb6 29. Kf1 c4 30. dxc4 exf4 31. gxf4 Qe3 32. Qc1 Qd3+ 33. Kg1 Qxc4 34. Qd2 Rb3 35. Rc1 g5 36. fxg5 hxg5 37. Qe3 Rb2 38. Qf3 f4 39. Qe4 Qc5+ 40. Kh1 Qf2 41. Qf3 Qd2 42. Ra1 Ne5 43. Qh3 Ra2 44. Rxa2 Qxa2 45. Be4 Qa1+ 46. Kg2 Qb2+ 47. Kf1 Qc1+ 48. Kf2 Qd2+ 49. Kf1 Qd1+ 50. Kf2 Ng4+ 51. Kg2 Qe2+ 52. Kg1 Qe1+ 53. Qf1 Qxe4 54. h3 Qe3+ 0-1

[Event "Ruhrgebiet Verbandsklasse Gruppe 1 1415"]
[Site "Germany"]
[Date "2015.02.08"]
[Round "6"]
[White "Begna, Bozidar"]
[Black "Mandl, Stefan"]
[Result "1/2-1/2"]
[WhiteElo "1898"]
[BlackElo "1862"]
[PlyCount "74"]
[EventDate "2014.09.21"]
[EventType "team-tourn"]
[EventRounds "9"]
[EventCountry "GER"]
[SourceTitle "EXT 2022"]
[Source "ChessBase"]
[SourceDate "2021.10.06"]
[SourceVersion "1"]
[SourceVersionDate "2021.10.06"]
[SourceQuality "1"]
[WhiteTeam "Dortmund Hansa III"]
[BlackTeam "Essen Listiger Bauer"]
[WhiteTeamCountry "GER"]
[BlackTeamCountry "GER"]

1. e4 c5 2. Nf3 d6 3. Bb5+ Bd7 4. Bxd7+ Qxd7 5. c4 Nc6 6. d4 cxd4 7. Nxd4 g6 8. 0-0 Bg7 9. Be3 Nf6 10. f3 0-0 11. Nc3 Rac8 12. Nde2 Ne5 13. b3 a6 14. a4 Qc7 15. Qd2 Ned7 16. Rfc1 Nc5 17. Rab1 b6 18. Nd5 Qb7 19. Bd4 Nxd5 20. cxd5 Nd7 21. Bxg7 Kxg7 22. Nd4 b5 23. Kh1 Nc5 24. axb5 axb5 25. b4 Nd7 26. Nc6 Rfe8 27. Ra1 Ra8 28. Rxa8 Qxa8 29. Qd4+ f6 30. Ra1 Qc8 31. h4 Ne5 32. Qb6 Nxf3 33. gxf3 Qh3+ 34. Kg1 Qg3+ 35. Kh1 Qh3+ 36. Kg1 Qg3+ 37. Kh1 Qh3+ 1/2-1/2

[Event "Dortmund Helmut Kohl"]
[Site "Dortmund"]
[Date "2014.07.19"]
[Round "8"]
[White "Begna, Bozidar"]
[Black "Zaitsev, Mikhail"]
[Result "0-1"]
[WhiteElo "2064"]
[BlackElo "2479"]
[PlyCount "108"]
[EventDate "2014.07.12"]
[EventType "tourn"]
[EventRounds "9"]
[EventCountry "GER"]
[SourceTitle "CBM 161 Extra"]
[Source "ChessBase"]
[SourceDate "2014.08.29"]
[SourceVersion "1"]
[SourceVersionDate "2014.08.29"]
[SourceQuality "1"]

1. d3 e5 2. Nf3 Nc6 3. e4 f5 4. Bg5 Nf6 5. c3 d5 6. Bxf6 gxf6 7. Nh4 fxe4 8. Qh5+ Ke7 9. dxe4 Bg7 10. Nf5+ Kf8 11. Nd2 Bxf5 12. Qxf5 Ne7 13. Qf3 c6 14. h4 h5 15. Rh3 Qe8 16. Bd3 Qf7 17. Qe2 Ng6 18. g3 Rd8 19. exd5 cxd5 20. 0-0-0 f5 21. Bc2 e4 22. f3 Bh6 23. fxe4 dxe4 24. Kb1 Kg7 25. Nb3 Rxd1+ 26. Qxd1 Ne5 27. Rh1 Re8 28. Nd4 Ng4 29. Qe2 Kh8 30. Re1 Bg7 31. Bb3 Qg6 32. Qd2 Rb8 33. Qf4 Be5 34. Qxf5 Qxf5 35. Nxf5 Rf8 36. Ne7 Bxg3 37. Rxe4 Rf1+ 38. Kc2 Rf2+ 39. Kd3 Rxb2 40. Kc4 Rf2 41. Kb4 Kg7 42. Be6 Bd6+ 43. Kb3 Bxe7 44. Bxg4 hxg4 45. Rxe7+ Kg6 46. Rxb7 g3 47. Rb8 Rf7 48. Rg8+ Rg7 49. Rd8 g2 50. Rd1 Kh5 51. Rg1 Kxh4 52. Kb4 Kg3 53. c4 Kf2 54. Rxg2+ Rxg2 0-1

[Event "Dortmund Helmut Kohl"]
[Site "Dortmund"]
[Date "2014.07.16"]
[Round "5"]
[White "Kropp, Andreas Juergen"]
[Black "Begna, Bozidar"]
[Result "1/2-1/2"]
[WhiteElo "2058"]
[BlackElo "2064"]
[PlyCount "35"]
[EventDate "2014.07.12"]
[EventType "tourn"]
[EventRounds "9"]
[EventCountry "GER"]
[SourceTitle "CBM 161 Extra"]
[Source "ChessBase"]
[SourceDate "2014.08.29"]
[SourceVersion "1"]
[SourceVersionDate "2014.08.29"]
[SourceQuality "1"]

1. d3 e5 2. g3 d5 3. Nf3 Nc6 4. Bg2 Nf6 5. 0-0 Be7 6. c3 0-0 7. Qc2 Bg4 8. h3 Bh5 9. b4 a6 10. Bb2 Rb8 11. Nbd2 Bd6 12. Rfe1 Re8 13. Nh4 Bg6 14. a3 Qd7 15. Nxg6 hxg6 16. c4 dxc4 17. Qxc4 Ne7 18. Nb3 1/2-1/2

[Event "NRW Verbandsklasse Group2 1314"]
[Site "Nordrheinwestfalen"]
[Date "2014.01.26"]
[Round "6.7"]
[White "Begna, Bozidar"]
[Black "Thormann, Andre"]
[Result "1/2-1/2"]
[WhiteElo "1932"]
[BlackElo "1916"]
[PlyCount "61"]
[EventDate "2013.09.08"]
[EventType "team-tourn"]
[EventRounds "9"]
[EventCountry "GER"]
[SourceTitle "EXT 2020"]
[Source "ChessBase"]
[SourceDate "2019.10.17"]
[SourceVersion "1"]
[SourceVersionDate "2019.10.17"]
[SourceQuality "1"]
[WhiteTeam "Dortmund Hansa III"]
[BlackTeam "Doppelbauer Brambauer II"]
[WhiteTeamCountry "GER"]
[BlackTeamCountry "GER"]

1. d3 d5 2. e4 dxe4 3. dxe4 Qxd1+ 4. Kxd1 g6 5. Bf4 c6 6. Nd2 Bg7 7. c3 Nf6 8. f3 0-0 9. Bc4 Nbd7 10. Ne2 Nb6 11. Bb3 Nfd7 12. Be3 Rd8 13. Kc2 Nf8 14. h4 Be6 15. h5 Nbd7 16. hxg6 hxg6 17. Rh2 Ne5 18. Rah1 Bxb3+ 19. Nxb3 b6 20. Nbd4 c5 21. Nb5 Nc4 22. Bc1 Rd7 23. b3 a6 24. Na3 Nxa3+ 25. Bxa3 Rad8 26. Bc1 Ne6 27. Be3 Rd3 28. Bc1 R3d6 29. f4 a5 30. a4 c4 31. b4 1/2-1/2

[Event "NRW Verbandsklasse Group2 1314"]
[Site "Nordrheinwestfalen"]
[Date "2013.11.24"]
[Round "4"]
[White "Jacobs, Armin"]
[Black "Begna, Bozidar"]
[Result "1/2-1/2"]
[WhiteElo "1632"]
[BlackElo "1932"]
[PlyCount "100"]
[EventDate "2013.09.08"]
[EventType "team-tourn"]
[EventRounds "9"]
[EventCountry "GER"]
[SourceTitle "EXT 2020"]
[Source "ChessBase"]
[SourceDate "2019.10.17"]
[SourceVersion "1"]
[SourceVersionDate "2019.10.17"]
[SourceQuality "1"]
[WhiteTeam "Luenen Horstmar SC"]
[BlackTeam "Dortmund Hansa III"]
[WhiteTeamCountry "GER"]
[BlackTeamCountry "GER"]

1. e4 d6 2. Nf3 Nf6 3. Nc3 e5 4. Bc4 Be7 5. 0-0 0-0 6. h3 c6 7. d4 b5 8. dxe5 bxc4 9. exf6 Bxf6 10. Ne2 Qe7 11. Ng3 g6 12. c3 Bg7 13. Bf4 Rd8 14. Re1 Be6 15. Qc2 Na6 16. b4 cxb3 17. axb3 Nc7 18. Rad1 Ne8 19. Nd4 Bd7 20. Kh1 c5 21. Nf3 a5 22. e5 dxe5 23. Bxe5 Be6 24. Bxg7 Nxg7 25. Ne5 Qb7 26. Ne4 Qc7 27. Nf6+ Kh8 28. Qe4 Ne8 29. Rxd8 Rxd8 30. Nxe8 Rxe8 31. Qc6 Qxc6 32. Nxc6 Ra8 33. Ra1 Bxb3 34. Rxa5 Rxa5 35. Nxa5 Bd5 36. c4 Be6 37. Nb3 Kg7 38. Kh2 Kf6 39. Nxc5 Bxc4 40. Kg3 Kf5 41. f3 Bd5 42. h4 f6 43. Kf2 h5 44. g3 g5 45. hxg5 fxg5 46. Nd3 h4 47. gxh4 gxh4 48. Kg2 Bc4 49. Nf2 Be6 50. Nh3 Bc8 1/2-1/2

[Event "Dortmund Sparkassen op-A"]
[Site "Dortmund"]
[Date "2013.07.28"]
[Round "2"]
[White "Begna, Bozidar"]
[Black "Morgenroth, Hubertus"]
[Result "1-0"]
[WhiteElo "2042"]
[BlackElo "1857"]
[PlyCount "27"]
[EventDate "2013.07.27"]
[EventType "swiss"]
[EventRounds "9"]
[EventCountry "GER"]
[SourceTitle "CBM 155 Extra"]
[Source "ChessBase"]
[SourceDate "2013.08.26"]
[SourceVersion "1"]
[SourceVersionDate "2013.08.26"]
[SourceQuality "1"]

1. e4 e5 2. Nf3 Nc6 3. Bb5 a6 4. Ba4 Nf6 5. Qe2 b5 6. Bb3 d6 7. a4 Bg4 8. c3 Rb8 9. axb5 axb5 10. h3 Bh5 11. 0-0 Be7 12. Rd1 d5 13. exd5 Nxd5 14. Qe4 1-0

[Event "Dortmund Sparkassen op-A"]
[Site "Dortmund"]
[Date "2013.07.27"]
[Round "1"]
[White "Kotainy, Jens"]
[Black "Begna, Bozidar"]
[Result "1-0"]
[WhiteElo "2459"]
[BlackElo "2042"]
[PlyCount "37"]
[EventDate "2013.07.27"]
[EventType "swiss"]
[EventRounds "9"]
[EventCountry "GER"]
[SourceTitle "CBM 155 Extra"]
[Source "ChessBase"]
[SourceDate "2013.08.26"]
[SourceVersion "1"]
[SourceVersionDate "2013.08.26"]
[SourceQuality "1"]

1. e4 Nf6 2. e5 Nd5 3. c4 Nb6 4. d4 d6 5. f4 dxe5 6. fxe5 Nc6 7. Be3 Bf5 8. Nc3 e6 9. Nf3 Nb4 10. Rc1 c5 11. a3 cxd4 12. Nxd4 Nc6 13. Nxf5 exf5 14. Be2 Qxd1+ 15. Rxd1 Nxe5 16. Nb5 Rc8 17. Nxa7 Bc5 18. Nxc8 Bxe3 19. Nd6+ 1-0

[Event "Oberliga NRW 1213"]
[Site "Germany"]
[Date "2013.03.10"]
[Round "7.8"]
[White "Begna, Bozidar"]
[Black "Ozerov, Ilja"]
[Result "0-1"]
[WhiteElo "1929"]
[BlackElo "2025"]
[PlyCount "116"]
[EventDate "2012.09.16"]
[EventType "team-tourn"]
[EventRounds "9"]
[EventCountry "GER"]
[SourceTitle "EXT 2017"]
[Source "ChessBase"]
[SourceDate "2016.10.25"]
[SourceVersion "1"]
[SourceVersionDate "2016.10.25"]
[SourceQuality "1"]
[WhiteTeam "Dortmund Hansa II"]
[BlackTeam "Muelheim Nord II"]
[WhiteTeamCountry "GER"]
[BlackTeamCountry "GER"]

1. d3 c5 2. Nf3 Nc6 3. g3 Nf6 4. Bg2 d5 5. Nbd2 Bg4 6. e4 e6 7. c3 Be7 8. Qc2 0-0 9. 0-0 Rc8 10. Re1 b5 11. b3 a5 12. a4 b4 13. c4 d4 14. Nf1 Nd7 15. h3 Bxf3 16. Bxf3 Bg5 17. Qe2 Bxc1 18. Raxc1 Qg5 19. Bg2 e5 20. h4 Qh6 21. Bh3 Rc7 22. Bxd7 Rxd7 23. Nh2 Nd8 24. Ng4 Qd6 25. f3 h5 26. Nf2 Qh6 27. Nh3 Ne6 28. Kg2 f6 29. f4 exf4 30. Nxf4 Qxf4 31. gxf4 Nxf4+ 32. Kf3 Nxe2 33. Kxe2 Re7 34. Kd2 Re5 35. Rg1 Kf7 36. Rcf1 Rg8 37. Rg3 g5 38. Rgf3 Rg6 39. Rf5 Rxf5 40. Rxf5 gxh4 41. Rxh5 Rg2+ 42. Kc1 Rg4 43. Kd2 Kg6 44. Rh8 Kg5 45. Ke2 Rg2+ 46. Kf3 Rg3+ 47. Kf2 Rxd3 48. Rc8 Kf4 49. Rxc5 Kxe4 50. Rxa5 Rxb3 51. Rh5 Rb2+ 52. Kf1 Ra2 53. Rxh4+ Kd3 54. c5 Rxa4 55. Rh3+ Kc2 56. Ke2 b3 57. Rd3 b2 58. Rd2+ Kb3 0-1

[Event "Ruhrgebiet Verbandsliga1 1213"]
[Site "Nordrheinwestfalen"]
[Date "2013.02.24"]
[Round "7"]
[White "Kropp, Andreas Juergen"]
[Black "Begna, Bozidar"]
[Result "1/2-1/2"]
[WhiteElo "1880"]
[BlackElo "1951"]
[PlyCount "38"]
[EventDate "2012.09.02"]
[EventType "team-tourn"]
[EventRounds "9"]
[EventCountry "GER"]
[SourceTitle "EXT 2020"]
[Source "ChessBase"]
[SourceDate "2019.10.17"]
[SourceVersion "1"]
[SourceVersionDate "2019.10.17"]
[SourceQuality "1"]
[WhiteTeam "Eichlinghofen SV"]
[BlackTeam "Dortmund Hansa III"]
[WhiteTeamCountry "GER"]
[BlackTeamCountry "GER"]

1. b3 Nf6 2. Bb2 e6 3. e3 c5 4. Nf3 Nc6 5. Bb5 Qc7 6. 0-0 Be7 7. d4 cxd4 8. Nxd4 0-0 9. Nd2 a6 10. Be2 d5 11. c4 e5 12. N4f3 e4 13. Nd4 Nxd4 14. Bxd4 Be6 15. Rc1 Qd7 16. cxd5 Bxd5 17. Nc4 Qe6 18. Qd2 Rad8 19. Qb2 b5 1/2-1/2

[Event "Dortmund Sparkassen op-A"]
[Site "Dortmund"]
[Date "2012.07.18"]
[Round "5"]
[White "Begna, Bozidar"]
[Black "Reisberg, Andre"]
[Result "0-1"]
[WhiteElo "2088"]
[BlackElo "1965"]
[PlyCount "57"]
[EventDate "2012.07.14"]
[EventType "swiss"]
[EventRounds "9"]
[EventCountry "GER"]
[SourceTitle "CBM 149 Extra"]
[Source "ChessBase"]
[SourceDate "2012.08.24"]
[SourceVersion "1"]
[SourceVersionDate "2012.08.24"]
[SourceQuality "1"]

1. e4 e6 2. Nf3 d5 3. d3 Nf6 4. Nbd2 Bc5 5. Be2 0-0 6. 0-0 dxe4 7. dxe4 b6 8. c3 Bb7 9. Qc2 Nbd7 10. e5 Ng4 11. Nc4 f5 12. exf6 Ngxf6 13. b4 Be7 14. Ng5 Bd5 15. Ne3 Qc8 16. c4 Bb7 17. Nxe6 Be4 18. Qd2 Re8 19. Ng5 Bb7 20. Bb2 h6 21. Nf3 Ne4 22. Qe1 Nf8 23. Ne5 Ne6 24. Bh5 Nf4 25. Bxe8 Qxe8 26. f3 Bxb4 27. Qxb4 Ne2+ 28. Kh1 N4g3+ 29. hxg3 0-1

[Event "Ruhrgebiet Verbandsliga2 1112"]
[Site "Nordrheinwestfalen"]
[Date "2012.04.22"]
[Round "9.3"]
[White "Begna, Bozidar"]
[Black "Matzat, Andre"]
[Result "1/2-1/2"]
[WhiteElo "2003"]
[BlackElo "2024"]
[PlyCount "52"]
[EventDate "2011.09.18"]
[EventType "team-tourn"]
[EventRounds "9"]
[EventCountry "GER"]
[SourceTitle "EXT 2020"]
[Source "ChessBase"]
[SourceDate "2019.10.17"]
[SourceVersion "1"]
[SourceVersionDate "2019.10.17"]
[SourceQuality "1"]
[WhiteTeam "Dortmund Hansa IV"]
[BlackTeam "Weisse Dame Borbeck"]
[WhiteTeamCountry "GER"]
[BlackTeamCountry "GER"]

1. d3 c5 2. g3 Nc6 3. Bg2 g6 4. e4 Bg7 5. Ne2 d6 6. 0-0 e5 7. c3 Nge7 8. Na3 0-0 9. Rb1 Be6 10. b3 d5 11. f4 dxe4 12. dxe4 Qxd1 13. Rxd1 Bg4 14. Kf1 Rad8 15. Be3 b6 16. Rxd8 Rxd8 17. Rc1 Rd3 18. Kf2 exf4 19. gxf4 Bh6 20. Nc4 Bg7 21. e5 Be6 22. Nb2 Rd7 23. Rd1 f6 24. Rxd7 Bxd7 25. exf6 Bxf6 26. Bd2 Be6 1/2-1/2

[Event "Ruhrgebiet Verbandsliga2 1112"]
[Site "Nordrheinwestfalen"]
[Date "2012.03.25"]
[Round "8.3"]
[White "Achenbach, Manfred"]
[Black "Begna, Bozidar"]
[Result "0-1"]
[WhiteElo "1999"]
[BlackElo "2003"]
[PlyCount "108"]
[EventDate "2011.09.18"]
[EventType "team-tourn"]
[EventRounds "9"]
[EventCountry "GER"]
[SourceTitle "EXT 2020"]
[Source "ChessBase"]
[SourceDate "2019.10.17"]
[SourceVersion "1"]
[SourceVersionDate "2019.10.17"]
[SourceQuality "1"]
[WhiteTeam "Muelheim SC"]
[BlackTeam "Dortmund Hansa IV"]
[WhiteTeamCountry "GER"]
[BlackTeamCountry "GER"]

1. Nf3 Nf6 2. c4 e6 3. g3 a6 4. Bg2 b5 5. 0-0 bxc4 6. Qa4 Bb7 7. Qxc4 c5 8. d4 cxd4 9. Qxd4 Nc6 10. Qa4 Be7 11. Nc3 0-0 12. Bf4 d5 13. Rac1 Qb6 14. Qc2 Rac8 15. Rfd1 Na5 16. Be3 Qc7 17. Qb1 Nc4 18. Bd4 Qb8 19. b3 e5 20. bxc4 exd4 21. Nxd5 Nxd5 22. cxd5 Bxd5 23. Qxb8 Rxb8 24. Nxd4 Bxa2 25. Nc6 Rbe8 26. Rd2 Be6 27. e4 Bd8 28. Bf1 a5 29. Bb5 Bb6 30. Kg2 g6 31. Rb2 Kg7 32. Ba4 Bc7 33. Rb7 Bd6 34. Nd4 Re7 35. Rxe7 Bxe7 36. Rc7 Kf6 37. e5+ Kxe5 38. Nf3+ Kf6 39. Nd4 Bd5+ 40. f3 Rb8 41. Nb5 Rb7 42. Rc2 Rb6 43. Nc7 Bb7 44. Ne8+ Kg5 45. Rc7 Rb2+ 46. Kg1 Bb4 47. f4+ Kh6 48. g4 Bf3 49. g5+ Kh5 50. Rxf7 Bc5+ 51. Kf1 Be2+ 52. Ke1 Bb4+ 53. Kf2 Bc4+ 54. Kg3 Be1+ 0-1

[Event "Dortmund Sparkassen op-A"]
[Site "Dortmund"]
[Date "2011.07.26"]
[Round "4"]
[White "Begna, Bozidar"]
[Black "Maniocha, Marek"]
[Result "1-0"]
[WhiteElo "2102"]
[BlackElo "2052"]
[PlyCount "71"]
[EventDate "2011.07.23"]
[EventType "swiss"]
[EventRounds "9"]
[EventCountry "GER"]
[SourceTitle "CBM 143 Extra"]
[Source "ChessBase"]
[SourceDate "2011.08.29"]
[SourceVersion "1"]
[SourceVersionDate "2011.08.29"]
[SourceQuality "1"]

1. e4 c5 2. Nf3 e6 3. c3 d5 4. exd5 Qxd5 5. d4 Nc6 6. Na3 Bd7 7. Nb5 0-0-0 8. Be2 cxd4 9. cxd4 e5 10. dxe5 Qxd1+ 11. Bxd1 Bb4+ 12. Nc3 Bg4 13. Bf4 Nge7 14. 0-0 Ng6 15. Bg5 Rd7 16. Rc1 h6 17. Be3 Rhd8 18. h3 Bxc3 19. bxc3 Bxf3 20. Bxf3 Ngxe5 21. Be4 Kb8 22. Rb1 Rd6 23. Rb5 Rd1 24. Bf4 a6 25. Bxe5+ Nxe5 26. Rxe5 R1d7 27. c4 Rd4 28. Bd5 b5 29. Rb1 Kc7 30. Bxf7 bxc4 31. Rc5+ Kd6 32. Rxc4 Rd2 33. Rb6+ Ke5 34. Re6+ Kf5 35. g4+ Kg5 36. Rc5+ 1-0